Statistiques concernant Anagramme #1 (Difficile)

Cliquez ici pour prendre le quiz!

Statistiques générales

  • Ce quiz a été pris 95 fois
  • Le résultat moyen est 6 sur 10

Statistiques - réponses

AnagrammeNom de l'animal% Correct
33NicheChien
100%
49SoieOies
100%
31LoupePoule
100%
42RégitTigre
100%
55UrgeGrue
94%
48SigneSinge
94%
51TourteTortue
94%
1AgileAigle
93%
41PoisonsPoisson
92%
25HersionsHérisson
89%
3AlpinLapin
89%
2AireRaie
88%
27LardezLézard
87%
45RoqueOrque
87%
10ChomantManchot
86%
54TyphonPython
85%
22GelaiAigle
83%
5BluffeBuffle
83%
17EchaumaChameau
82%
30LoinLion
82%
20FigeraGirafe
81%
19EnfouiFouine
78%
26LaminaAnimal
77%
28LiageAigle
75%
6BonisBison
75%
7CabreCrabe
74%
9ChomaisChamois
73%
18EmueEmeu
71%
23GirolleGorille
71%
35OrmesMorse
71%
34OrnatRaton
67%
46PrésentSerpent
62%
44RotuleLoutre
60%
24GrondaDragon
58%
43RendraRenard
57%
8CadranCanard
50%
21FumoirsFourmis
50%
32NavraVaran
50%
11CordonCondor
47%
53TronaRaton
47%
39PoignePigeon
43%
47SignalerSanglier
40%
52TripléeReptile
36%
16DigonDingo
33%
15DéploraLéopard
31%
37PalmaiImpala
27%
4BlagueBéluga
25%
14CreusaitSuricate
21%
13CourbaiCaribou
20%
12CorsatCastor
20%
36OurletLoutre
20%
40PoilanteAntilope
17%
50TenteraiRainette
14%
38PinaclePélican
13%
56VéhiculerChevreuil
0%
29LingeraSanglier
0%

Distribution des résultats

Percentile par nombre de réponses

% des personnes avec chaque résultat

Votre développement - résultats

Vous n’avez pas pris ce quiz